000 00373nam a22001577a 4500
020 _a9789380027555
082 _a621.381 MAN
100 _aManhas Pratima
245 _aMicroelectronics
260 _aNew Delhi India
_bS.K.Kataria
_c2009
300 _a469
_bP.B
500 _aInclude index
650 _aMicroelectronics
700 _aPratima Manhas
942 _cBK
999 _c490557
_d490557